000 00552nam a2200217 a 4500
001 0001-1951
003 ELIB.Books
008 190121 2010 eng
020 _a10:0802429440
092 _a259.2 Vuk
_bVuk
100 _aVukich, Lee.
245 _aTimeless Youth Ministry
260 _aChicago
_bMoody Publishers
_c2002
300 _a459
_c20.5 cm
650 _aYouth Ministry
856 _nKBTS Library
_uKBTS Elib
942 _2ddc
_cBK
990 _a2
998 _aEnglishbooks.elf
_ccat
_e2019-01-21
999 _c11951
_d11951